[Event "Titled Tuesday intern op 19th Dec Early"]
[Site "Chess.com INT"]
[Date "2023.12.19"]
[Round "7"]
[White "Zainullina, Nataliya"]
[Black "Gurevich, Dmitry"]
[Result "0-1"]
[WhiteElo "2099"]
[BlackElo "2374"]
[PlyCount "48"]
[EventDate "2023.12.19"]
[EventType "swiss (blitz)"]
[EventRounds "11"]
[EventCountry "USA"]
[SourceTitle "CB52_2023"]
[SourceDate "2023.12.27"]
[SourceVersion "1"]
[SourceVersionDate "2023.12.27"]
[SourceQuality "1"]

1. e4 c5 2. Nc3 g6 3. g3 Bg7 4. Bg2 Nc6 5. d3 Rb8 6. Be3 d6 7. Qd2 b5 8. Nge2 b4 9. Nd1 a5 10. 0-0 h5 11. h4 Nf6 12. f3 0-0 13. d4 Ba6 14. Rf2 Bxe2 15. Rxe2 cxd4 16. Bxd4 Nxe4 17. Rxe4 Nxd4 18. Rxd4 Qb6 19. c3 e5 20. Nf2 bxc3 21. Rxd6 cxd2 22. Rxb6 Rxb6 23. Rb1 Rc8 24. Ne4 Rc1+ 0-1

[Event "Titled Tuesday intern op 30th May Early"]
[Site "Chess.com INT"]
[Date "2023.05.30"]
[Round "3"]
[White "Zainullina, Nataliya"]
[Black "Zheenbekov, Nurgazi"]
[Result "0-1"]
[WhiteElo "2099"]
[BlackElo "2033"]
[PlyCount "48"]
[EventDate "2023.05.30"]
[EventType "swiss (blitz)"]
[EventRounds "11"]
[EventCountry "USA"]
[SourceTitle "CBM 214 Extra"]
[Source "ChessBase"]
[SourceDate "2023.07.31"]
[SourceVersion "1"]
[SourceVersionDate "2023.07.31"]
[SourceQuality "1"]

1. Nf3 f5 2. g3 Nf6 3. Bg2 g6 4. 0-0 Bg7 5. d3 0-0 6. Nbd2 d6 7. e4 Nc6 8. c3 e5 9. Re1 f4 10. Nf1 Nh5 11. d4 Bg4 12. dxe5 Nxe5 13. Qb3+ Kh8 14. Nxe5 Bxe5 15. f3 fxg3 16. fxg4 gxh2+ 17. Kh1 Rxf1+ 18. Bxf1 Ng3+ 19. Kg2 h1Q+ 20. Kf2 Qf6+ 21. Ke3 Qhf3+ 22. Kd2 Nxf1+ 23. Rxf1 Qxf1 24. Qg8+ Kxg8 0-1

[Event "Titled Tuesday intern op 22nd Nov Early"]
[Site "Chess.com INT"]
[Date "2022.11.22"]
[Round "3"]
[White "Petrova, Irina"]
[Black "Zainullina, Nataliya"]
[Result "1-0"]
[WhiteElo "2123"]
[BlackElo "2099"]
[PlyCount "81"]
[EventDate "2022.11.22"]
[EventType "swiss (blitz)"]
[EventRounds "11"]
[EventCountry "USA"]
[SourceTitle "CBM 211 Extra"]
[Source "ChessBase"]
[SourceDate "2023.01.31"]
[SourceVersion "1"]
[SourceVersionDate "2023.01.31"]
[SourceQuality "1"]

1. e4 c6 2. d4 d5 3. Nc3 dxe4 4. Nxe4 Nf6 5. Nxf6+ exf6 6. Be3 Bd6 7. Bd3 Na6 8. c3 Nc7 9. Ne2 Nd5 10. Qd2 Be6 11. Nf4 Nxf4 12. Bxf4 0-0 13. 0-0 Re8 14. Rfe1 Qc7 15. Bxd6 Qxd6 16. Re3 Rad8 17. Rae1 c5 18. dxc5 Qxc5 19. Qc2 g6 20. h3 Kg7 21. b3 Re7 22. Bc4 Bf5 23. Qc1 Red7 24. a4 Rd2 25. R3e2 Rxe2 26. Rxe2 a6 27. Qe3 Qc6 28. Qe7 Rd7 29. Qe8 b5 30. axb5 axb5 31. Bxf7 Rxf7 32. Qxc6 Rd7 33. Kh2 Bd3 34. Rd2 Rf7 35. Rxd3 f5 36. Rd7 Rxd7 37. Qxd7+ Kh6 38. Qxb5 Kg5 39. Qe5 h5 40. f4+ Kh6 41. Qh8# 1-0

[Event "Titled Tuesday intern op 22nd Nov Early"]
[Site "Chess.com INT"]
[Date "2022.11.22"]
[Round "6"]
[White "Zainullina, Nataliya"]
[Black "Jiganchine, Roman"]
[Result "0-1"]
[WhiteElo "2099"]
[BlackElo "2205"]
[PlyCount "162"]
[EventDate "2022.11.22"]
[EventType "swiss (blitz)"]
[EventRounds "11"]
[EventCountry "USA"]
[SourceTitle "CBM 211 Extra"]
[Source "ChessBase"]
[SourceDate "2023.01.31"]
[SourceVersion "1"]
[SourceVersionDate "2023.01.31"]
[SourceQuality "1"]

1. Nf3 d5 2. d4 Nf6 3. c4 e6 4. g3 c6 5. Bg2 Be7 6. 0-0 0-0 7. Nc3 Nbd7 8. Nd2 b6 9. e4 Bb7 10. e5 Ne8 11. Re1 Rc8 12. Nb3 Nb8 13. Qf3 dxc4 14. Nd2 Qxd4 15. Re4 Qd3 16. Rxc4 Qxf3 17. Bxf3 Nc7 18. Nde4 c5 19. Nd6 Bxf3 20. Nxc8 Rxc8 21. Be3 Nd5 22. Nb5 Nc6 23. Ra4 a5 24. a3 Be2 25. Nc3 Nxc3 26. bxc3 Nxe5 27. Rb1 Nd7 28. Rb2 Bd1 29. Rf4 Bg5 30. Re4 Bxe3 31. Rxe3 Nf6 32. Rd2 Ba4 33. Red3 h6 34. Rd6 b5 35. Ra6 Bb3 36. Rxa5 Bc4 37. Rd6 Nd5 38. Ra7 Rf8 39. Rc6 Nxc3 40. Rxc5 Nd5 41. a4 bxa4 42. Rxc4 a3 43. Rxa3 Nf6 44. Rc7 Nd5 45. Rb7 Nf6 46. Raa7 Nd5 47. Kg2 Nf6 48. h4 Nd5 49. Kf3 h5 50. Rb5 Nf6 51. Rg5 g6 52. Re5 Kg7 53. Rxe6 Nd5 54. Re5 Nf6 55. Ree7 Nd5 56. g4 hxg4+ 57. Kxg4 Nf6+ 58. Kg3 Nh7 59. Red7 Nf6 60. Rdc7 Nd5 61. Rcb7 Nf6 62. f4 Nh5+ 63. Kg4 Nf6+ 64. Kg5 Nh7+ 65. Kg4 Nf6+ 66. Kf3 Nh5 67. Re7 Nf6 68. f5 gxf5 69. Kf4 Nd5+ 70. Kxf5 Nxe7+ 71. Rxe7 Rh8 72. Kg5 Rh7 73. h5 Kf8 74. Re4 Kg7 75. Rf4 f6+ 76. Kg4 Kf7 77. Rf5 Kg7 78. Ra5 Kh6 79. Ra6 Rf7 80. Ra5 f5+ 81. Kh4 f4 0-1

[Event "Titled Tuesday intern op 22nd Nov Early"]
[Site "Chess.com INT"]
[Date "2022.11.22"]
[Round "1"]
[White "Zainullina, Nataliya"]
[Black "Mujumdar, Sameer Suhas"]
[Result "0-1"]
[WhiteElo "2099"]
[BlackElo "2027"]
[PlyCount "153"]
[EventDate "2022.11.22"]
[EventType "swiss (blitz)"]
[EventRounds "11"]
[EventCountry "USA"]
[SourceTitle "CBM 211 Extra"]
[Source "ChessBase"]
[SourceDate "2023.01.31"]
[SourceVersion "1"]
[SourceVersionDate "2023.01.31"]
[SourceQuality "1"]

1. Nf3 Nf6 2. c4 e6 3. g3 d5 4. d4 Be7 5. Bg2 0-0 6. 0-0 c6 7. Nc3 Nbd7 8. Nd2 Re8 9. e4 dxe4 10. Ndxe4 Nxe4 11. Nxe4 Nf6 12. Be3 Nxe4 13. Bxe4 Bf6 14. Qc2 g6 15. Rfd1 Qe7 16. Bg2 Bd7 17. Qb3 b6 18. d5 Rac8 19. d6 Qf8 20. c5 bxc5 21. Rab1 Bd4 22. Bxd4 cxd4 23. Rxd4 c5 24. Rdd1 Red8 25. Qa3 Bc6 26. Bxc6 Rxc6 27. d7 Rc7 28. Qa4 Qe7 29. Rd2 Rcxd7 30. Rxd7 Qxd7 31. Qc4 Qd4 32. Qa6 Qd3 33. Qxd3 Rxd3 34. Rc1 Rd2 35. Rxc5 Rxb2 36. Ra5 Rb7 37. Ra6 Kg7 38. Kg2 h5 39. Kf3 Kf6 40. h4 Kf5 41. Ra5+ e5 42. Ra6 f6 43. Ra5 g5 44. hxg5 fxg5 45. Ra6 h4 46. gxh4 gxh4 47. Kg2 Rh7 48. Kh3 Kf4 49. Ra3 e4 50. Kg2 h3+ 51. Kh2 Kg4 52. Rg3+ Kf4 53. Ra3 Ke5 54. Ra4 Kf5 55. Ra3 Kf4 56. Ra4 Kf3 57. Kg1 h2+ 58. Kh1 Kxf2 59. Rxe4 Kg3 60. Re3+ Kf4 61. Ra3 Ke4 62. Rc3 Kd4 63. Ra3 Kc4 64. Ra6 Kc3 65. Ra5 Kb2 66. Ra6 Rh3 67. Ra5 Ra3 68. Rxa3 Kxa3 69. Kxh2 Kxa2 70. Kg2 a5 71. Kf3 a4 72. Ke2 a3 73. Kd2 Kb2 74. Kd3 a2 75. Kc4 a1Q 76. Kb4 Qa3+ 77. Kc4 0-1

[Event "Titled Tuesday intern op 22nd Nov Early"]
[Site "Chess.com INT"]
[Date "2022.11.22"]
[Round "5"]
[White "Zainullina, Nataliya"]
[Black "Rosh, Jain"]
[Result "1-0"]
[WhiteElo "2099"]
[BlackElo "2333"]
[PlyCount "111"]
[EventDate "2022.11.22"]
[EventType "swiss (blitz)"]
[EventRounds "11"]
[EventCountry "USA"]
[SourceTitle "CBM 211 Extra"]
[Source "ChessBase"]
[SourceDate "2023.01.31"]
[SourceVersion "1"]
[SourceVersionDate "2023.01.31"]
[SourceQuality "1"]

1. Nf3 d5 2. d4 Nc6 3. g3 Bg4 4. Bg2 Qd7 5. Ne5 Nxe5 6. dxe5 e6 7. 0-0 Ne7 8. Bf4 Ng6 9. c4 Nxf4 10. gxf4 c6 11. cxd5 cxd5 12. Qd3 Bf5 13. e4 dxe4 14. Qxd7+ Kxd7 15. Nc3 Bc5 16. Nxe4 Bxe4 17. Bxe4 Rab8 18. Rfd1+ Ke7 19. Rac1 Bb6 20. Kg2 g6 21. Rd2 Rhd8 22. Rcd1 Rxd2 23. Rxd2 Bc5 24. Rc2 b6 25. b4 Bxb4 26. Rc7+ Kf8 27. Rxa7 Bc5 28. Bc6 Rd8 29. Rd7 Rxd7 30. Bxd7 Ke7 31. Bb5 Bb4 32. a4 Bd2 33. Kf3 h6 34. h3 Be1 35. Bc6 Bc3 36. Bb5 Bd4 37. Ke4 Bxf2 38. Kf3 Bg1 39. Kg4 Bh2 40. Bc6 g5 41. fxg5 hxg5 42. Kxg5 Bxe5 43. h4 f6+ 44. Kg6 f5 45. h5 Ba1 46. h6 Kd6 47. Bf3 Ke5 48. h7 Kf4 49. Bd1 e5 50. h8Q e4 51. Qxa1 Kg3 52. Kxf5 Kh2 53. Qg7 Kh1 54. Kf4 e3 55. Kf3 Kh2 56. Qg2# 1-0

[Event "Titled Tuesday intern op 18th Oct Early"]
[Site "Chess.com INT"]
[Date "2022.10.18"]
[Round "1"]
[White "Fromm, Marius"]
[Black "Zainullina, Nataliya"]
[Result "1-0"]
[WhiteElo "2425"]
[BlackElo "2099"]
[PlyCount "41"]
[EventDate "2022.10.18"]
[EventType "swiss (blitz)"]
[EventRounds "11"]
[EventCountry "USA"]
[SourceTitle "EXT 2024"]
[Source "ChessBase"]
[SourceDate "2023.10.10"]
[SourceVersion "1"]
[SourceVersionDate "2023.10.10"]
[SourceQuality "1"]

1. e4 c6 2. d4 d5 3. exd5 cxd5 4. Bd3 Nc6 5. c3 Nf6 6. h3 g6 7. Nf3 Bg7 8. 0-0 0-0 9. Re1 Nd7 10. Bf4 f6 11. c4 Nb6 12. c5 Nd7 13. Qb3 Ndb8 14. Nc3 e6 15. Nb5 b6 16. Nc7 Bb7 17. Nxe6 Qd7 18. Nxf8 Bxf8 19. cxb6 axb6 20. Qxb6 Bd6 21. Bxd6 1-0

[Event "Titled Tuesday intern op 13th Sep Early"]
[Site "Chess.com INT"]
[Date "2022.09.13"]
[Round "2"]
[White "Malyi, Viacheslav"]
[Black "Zainullina, Nataliya"]
[Result "1-0"]
[WhiteElo "2391"]
[BlackElo "2099"]
[PlyCount "57"]
[EventDate "2022.09.13"]
[EventType "swiss (blitz)"]
[EventRounds "11"]
[EventCountry "USA"]
[SourceTitle "EXT 2023"]
[Source "ChessBase"]
[SourceDate "2022.10.05"]
[SourceVersion "1"]
[SourceVersionDate "2022.10.05"]
[SourceQuality "1"]

1. e4 c6 2. d4 d5 3. Nc3 dxe4 4. Nxe4 Nf6 5. Nxf6+ exf6 6. Bd3 Bd6 7. Qh5 g6 8. Qh6 Bf8 9. Qh4 Bd6 10. Bh6 Na6 11. Bg7 Rg8 12. Bxf6 Qa5+ 13. c3 Be6 14. Nf3 h5 15. 0-0 Nc7 16. Rfe1 Kd7 17. a3 Nd5 18. c4 Nxf6 19. Qxf6 Be7 20. Qf4 g5 21. Ne5+ Kc7 22. Qe3 Rad8 23. b4 Qa4 24. Nxf7 Bxf7 25. Qxe7+ Rd7 26. Qe5+ Kd8 27. Bf5 Re8 28. Qf6+ Rde7 29. Qd6+ 1-0

[Event "Titled Tuesday intern op 13th Sep Early"]
[Site "Chess.com INT"]
[Date "2022.09.13"]
[Round "6"]
[White "Toshali, V."]
[Black "Zainullina, Nataliya"]
[Result "1/2-1/2"]
[WhiteElo "2101"]
[BlackElo "2099"]
[PlyCount "82"]
[EventDate "2022.09.13"]
[EventType "swiss (blitz)"]
[EventRounds "11"]
[EventCountry "USA"]
[SourceTitle "EXT 2023"]
[Source "ChessBase"]
[SourceDate "2022.10.05"]
[SourceVersion "1"]
[SourceVersionDate "2022.10.05"]
[SourceQuality "1"]

1. d4 Nf6 2. Nf3 g6 3. Bg5 Bg7 4. Nbd2 c5 5. e3 cxd4 6. exd4 d5 7. Bd3 Nc6 8. c3 Bg4 9. h3 Bf5 10. Bxf5 gxf5 11. 0-0 Ne4 12. Nxe4 fxe4 13. Nd2 Qd7 14. f3 Qf5 15. Be3 exf3 16. Rxf3 Qg6 17. Qb3 0-0-0 18. Nf1 Bh6 19. Rg3 Bxe3+ 20. Rxe3 e6 21. Rg3 Qf6 22. Ne3 Rhg8 23. Rf1 Qh6 24. Ng4 Qg6 25. Rgf3 f5 26. Ne3 h5 27. R1f2 h4 28. a4 Qh6 29. Qa3 Rg7 30. a5 Rdg8 31. a6 b6 32. Qd6 Nd8 33. Kh2 Rg3 34. Nxd5 Rxg2+ 35. Rxg2 Rxg2+ 36. Kxg2 Qg5+ 37. Kf1 Qc1+ 38. Kg2 Qg5+ 39. Kh2 Qd2+ 40. Kh1 Qc1+ 41. Kg2 Qg5+ 1/2-1/2

[Event "Titled Tuesday intern op 13th Sep Early"]
[Site "Chess.com INT"]
[Date "2022.09.13"]
[Round "10"]
[White "Zainullina, Nataliya"]
[Black "Alexikov, Alexander"]
[Result "0-1"]
[WhiteElo "2099"]
[BlackElo "2223"]
[PlyCount "26"]
[EventDate "2022.09.13"]
[EventType "swiss (blitz)"]
[EventRounds "11"]
[EventCountry "USA"]
[SourceTitle "EXT 2023"]
[Source "ChessBase"]
[SourceDate "2022.10.05"]
[SourceVersion "1"]
[SourceVersionDate "2022.10.05"]
[SourceQuality "1"]

1. Nf3 c5 2. c4 Nc6 3. Nc3 g6 4. e3 Bg7 5. d4 Nf6 6. d5 Nb8 7. e4 d6 8. Be3 0-0 9. Qd2 Ng4 10. Bg5 h6 11. Bf4 Kh7 12. h3 Ne5 13. g4 Nxf3+ 0-1

[Event "Titled Tuesday intern op 13th Sep Early"]
[Site "Chess.com INT"]
[Date "2022.09.13"]
[Round "8"]
[White "Zainullina, Nataliya"]
[Black "Blokhin, Sofia"]
[Result "1/2-1/2"]
[WhiteElo "2099"]
[BlackElo "2105"]
[PlyCount "52"]
[EventDate "2022.09.13"]
[EventType "swiss (blitz)"]
[EventRounds "11"]
[EventCountry "USA"]
[SourceTitle "EXT 2023"]
[Source "ChessBase"]
[SourceDate "2022.10.05"]
[SourceVersion "1"]
[SourceVersionDate "2022.10.05"]
[SourceQuality "1"]

1. Nf3 e6 2. c4 d5 3. d4 Nf6 4. g3 Be7 5. Bg2 0-0 6. 0-0 dxc4 7. Ne5 Nc6 8. Nxc6 bxc6 9. e3 Nd5 10. Qc2 Ba6 11. Rd1 Nb4 12. Qc3 Nd3 13. a3 Bb5 14. Nd2 Ba4 15. Rf1 Nxc1 16. Rfxc1 Rb8 17. Qxc4 Rxb2 18. Qxa4 Rxd2 19. Qxa7 c5 20. dxc5 Bf6 21. Rab1 Be5 22. Qa5 Qd3 23. Bf1 Qd5 24. Bg2 Qd3 25. Bf1 Qd5 26. Bg2 Qd3 1/2-1/2

[Event "Titled Tuesday intern op 06th Sep Early"]
[Site "Chess.com INT"]
[Date "2022.09.06"]
[Round "4"]
[White "Zainullina, Nataliya"]
[Black "Urbina Perez, Juan Antonio"]
[Result "0-1"]
[WhiteElo "2099"]
[BlackElo "2274"]
[PlyCount "92"]
[EventDate "2022.09.06"]
[EventType "swiss (blitz)"]
[EventRounds "11"]
[EventCountry "USA"]
[SourceTitle "EXT 2023"]
[Source "ChessBase"]
[SourceDate "2022.10.05"]
[SourceVersion "1"]
[SourceVersionDate "2022.10.05"]
[SourceQuality "1"]

1. Nf3 Nf6 2. c4 e6 3. g3 d5 4. d4 Be7 5. Bg2 0-0 6. 0-0 c6 7. Nc3 b6 8. b3 Ba6 9. Nd2 Nbd7 10. e4 Rc8 11. e5 Ne8 12. f4 Nc7 13. Re1 c5 14. dxc5 dxc4 15. c6 Nb8 16. Nxc4 Bc5+ 17. Kh1 Nb5 18. Nxb5 Bxb5 19. Nd6 Bxd6 20. exd6 Bxc6 21. Bxc6 Rxc6 22. Ba3 Nd7 23. Qd4 Qa8 24. Kg1 Rd8 25. Rad1 Rc2 26. Rd2 Rxd2 27. Qxd2 Qc6 28. Rc1 Nc5 29. Bxc5 bxc5 30. Rd1 Rd7 31. Kf2 h6 32. Qd3 Qb6 33. Ke2 Qc6 34. Kf2 Qb6 35. Ke2 Qa5 36. Qd2 Qa6+ 37. Qd3 Qxa2+ 38. Rd2 Qa5 39. Kf2 Qb6 40. Qc4 Rxd6 41. Rxd6 Qxd6 42. Kg2 Qd5+ 43. Qxd5 exd5 44. Kf3 f5 45. Ke3 Kf7 46. Kd3 a5 0-1

[Event "Titled Tuesday intern op 03rd May Early"]
[Site "Chess.com INT"]
[Date "2022.05.03"]
[Round "1"]
[White "Zainullina, Nataliya"]
[Black "Aaditya, Dhingra"]
[Result "0-1"]
[WhiteElo "2099"]
[BlackElo "2042"]
[PlyCount "102"]
[EventDate "2022.05.03"]
[EventType "swiss (blitz)"]
[EventRounds "11"]
[EventCountry "USA"]
[SourceTitle "CBM 208 Extra"]
[Source "ChessBase"]
[SourceDate "2022.07.31"]
[SourceVersion "1"]
[SourceVersionDate "2022.07.31"]
[SourceQuality "1"]

1. Nf3 c5 2. c4 Nf6 3. Nc3 g6 4. e3 Bg7 5. d4 0-0 6. Be2 cxd4 7. exd4 d5 8. cxd5 Nxd5 9. 0-0 Nc6 10. Qb3 Be6 11. Qxb7 Na5 12. Qa6 Nb4 13. Qb5 Nc2 14. Rb1 Rb8 15. Qa4 Bf5 16. g4 Rb4 17. Qxb4 Nxb4 18. gxf5 gxf5 19. Be3 Nd5 20. Bg5 h6 21. Bd2 Nc6 22. Rfd1 e6 23. Bc4 Nce7 24. Be1 Qa8 25. Bd2 Nxc3 26. Bxc3 Qxf3 27. Rd3 Qc6 28. Bb3 Nd5 29. Rg3 Kh7 30. Re1 f4 31. Rg4 f5 32. Rg2 Bf6 33. a3 f3 34. Rg3 Bh4 35. Bxd5 Qxd5 36. Re5 Bxg3 37. Rxd5 exd5 38. hxg3 Re8 39. Kf1 Kg6 40. Bd2 h5 41. Be3 h4 42. gxh4 Kh5 43. Ke1 f4 44. Kd2 fxe3+ 45. fxe3 Kxh4 46. Kd3 f2 47. Ke2 Kg3 48. Kf1 Rc8 49. b4 Rc1+ 50. Ke2 f1Q+ 51. Kd2 Qd1# 0-1

[Event "Titled Tuesday intern op 03rd May Early"]
[Site "Chess.com INT"]
[Date "2022.05.03"]
[Round "6"]
[White "Zainullina, Nataliya"]
[Black "Petrova, Irina"]
[Result "1-0"]
[WhiteElo "2099"]
[BlackElo "2127"]
[PlyCount "93"]
[EventDate "2022.05.03"]
[EventType "swiss (blitz)"]
[EventRounds "11"]
[EventCountry "USA"]
[SourceTitle "CBM 208 Extra"]
[Source "ChessBase"]
[SourceDate "2022.07.31"]
[SourceVersion "1"]
[SourceVersionDate "2022.07.31"]
[SourceQuality "1"]

1. Nf3 d6 2. c4 e5 3. Nc3 f5 4. e4 Nf6 5. Bd3 f4 6. Bc2 Nc6 7. d4 Bd7 8. dxe5 dxe5 9. Nd5 Bc5 10. a3 Bd4 11. Rb1 0-0 12. b4 Nxd5 13. exd5 Bc3+ 14. Bd2 Bxd2+ 15. Qxd2 Nd4 16. Nxd4 exd4 17. Qxd4 Re8+ 18. Kd2 Qg5 19. Kc3 Re2 20. Qd3 Qf6+ 21. Kb3 Rxc2 22. Qxc2 Bf5 23. Qc3 Qg6 24. Rbe1 Rf8 25. g3 Be4 26. Rhg1 Qh6 27. Rxe4 fxg3 28. Rxg3 Rxf2 29. Reg4 g6 30. Rg2 Rf1 31. Qc2 Qe3+ 32. Ka2 Kf7 33. Qb2 Rf3 34. R4g3 Kg8 35. Rxf3 Qxf3 36. Rf2 Qe4 37. Qc2 Qe1 38. Qe2 Qc3 39. Qc2 Qd4 40. Kb1 Kg7 41. Rd2 Qg1+ 42. Ka2 Kg8 43. Qc3 Qg4 44. Qd3 Qf4 45. Qd4 Qf5 46. Qd3 Qf4 47. Re2 1-0

[Event "Titled Tuesday intern op 01st Mar Early"]
[Site "Chess.com INT"]
[Date "2022.03.01"]
[Round "8"]
[White "Pasti, Aron"]
[Black "Zainullina, Nataliya"]
[Result "0-1"]
[WhiteElo "2396"]
[BlackElo "2099"]
[PlyCount "78"]
[EventDate "2022.03.01"]
[EventType "swiss (blitz)"]
[EventRounds "11"]
[EventCountry "USA"]
[SourceTitle "CBM 207 Extra"]
[Source "ChessBase"]
[SourceDate "2022.05.31"]
[SourceVersion "1"]
[SourceVersionDate "2022.05.31"]
[SourceQuality "1"]

1. e4 c5 2. Nf3 d6 3. d4 cxd4 4. Nxd4 Nf6 5. Nc3 a6 6. Be2 e5 7. Nb3 Be7 8. Be3 Be6 9. 0-0 0-0 10. f3 b5 11. Qd2 Nbd7 12. Rad1 Nb6 13. Qe1 Nc4 14. Bxc4 bxc4 15. Nd2 Rb8 16. b3 cxb3 17. axb3 Qc7 18. Ndb1 Rfc8 19. Qe2 Nh5 20. Bd2 Nf4 21. Bxf4 exf4 22. Rd2 Bf6 23. Nd5 Be5 24. Nxc7 Rxc7 25. c4 Rxb3 26. Rc1 Re3 27. Qd1 f5 28. Rd3 fxe4 29. Rxe3 fxe3 30. fxe4 Rf7 31. Qe2 Bd4 32. Rd1 Bc5 33. Nc3 Rf2 34. Qxf2 exf2+ 35. Kf1 Bxc4+ 36. Ne2 a5 37. Rc1 Bb5 38. Rd1 a4 39. Rd2 a3 0-1

[Event "Titled Tuesday intern op 01st Mar Early"]
[Site "Chess.com INT"]
[Date "2022.03.01"]
[Round "11"]
[White "Zainullina, Nataliya"]
[Black "Prieto Aranguren, Alain"]
[Result "1-0"]
[WhiteElo "2099"]
[BlackElo "2273"]
[PlyCount "65"]
[EventDate "2022.03.01"]
[EventType "swiss (blitz)"]
[EventRounds "11"]
[EventCountry "USA"]
[SourceTitle "CBM 207 Extra"]
[Source "ChessBase"]
[SourceDate "2022.05.31"]
[SourceVersion "1"]
[SourceVersionDate "2022.05.31"]
[SourceQuality "1"]

1. Nf3 Nf6 2. c4 g6 3. b4 Bg7 4. Bb2 0-0 5. e3 d6 6. Be2 e5 7. d3 Nc6 8. b5 Ne7 9. 0-0 Nd7 10. Nc3 f5 11. d4 e4 12. Nd2 Nf6 13. d5 Nd7 14. Nb3 Ne5 15. c5 Bd7 16. Rc1 dxc5 17. Nxc5 Bc8 18. a4 b6 19. Nb3 Bb7 20. Nd4 Nxd5 21. Qb3 Kh8 22. Ne6 Qf6 23. Nxf8 Nxc3 24. Rxc3 Rxf8 25. Rxc7 Bc8 26. Rfc1 Be6 27. Qc3 Rd8 28. Rxg7 Kxg7 29. Qxe5 Qxe5 30. Bxe5+ Kf7 31. Rc7+ Rd7 32. Rxd7+ Bxd7 33. Bb8 1-0

[Event "Titled Tuesday intern op 01st Mar Early"]
[Site "Chess.com INT"]
[Date "2022.03.01"]
[Round "4"]
[White "Zainullina, Nataliya"]
[Black "Roux, Baptiste"]
[Result "1-0"]
[WhiteElo "2099"]
[BlackElo "2137"]
[PlyCount "139"]
[EventDate "2022.03.01"]
[EventType "swiss (blitz)"]
[EventRounds "11"]
[EventCountry "USA"]
[SourceTitle "CBM 207 Extra"]
[Source "ChessBase"]
[SourceDate "2022.05.31"]
[SourceVersion "1"]
[SourceVersionDate "2022.05.31"]
[SourceQuality "1"]

1. Nf3 d5 2. g3 Nf6 3. Bg2 g6 4. 0-0 Bg7 5. d3 0-0 6. Nbd2 Nbd7 7. e4 dxe4 8. dxe4 Nc5 9. Re1 c6 10. Qe2 h6 11. h3 Be6 12. a4 a5 13. Ne5 Nh5 14. Nec4 Bd4 15. Kh2 Qc7 16. e5 Bxc4 17. Nxc4 b5 18. axb5 cxb5 19. Na3 Rab8 20. c3 Nb3 21. Rb1 Bc5 22. Be3 Bxe3 23. Qxe3 Kh7 24. Rbd1 Ng7 25. Nc2 Nf5 26. Qe2 e6 27. Nd4 Nbxd4 28. cxd4 Rfd8 29. d5 exd5 30. Bxd5 Re8 31. f4 Rbd8 32. Be4 Nd4 33. Qe3 Qc5 34. Qc3 Qxc3 35. bxc3 Ne6 36. Rd6 Rxd6 37. exd6 Rd8 38. Ra1 a4 39. Bc6 Rxd6 40. Bxb5 Rb6 41. Bxa4 Ra6 42. Ra2 Nc5 43. Bb3 Rxa2+ 44. Bxa2 Kg7 45. Kg2 f5 46. Kf3 Kf6 47. Ke3 Ke7 48. Bd5 Kd6 49. Bf7 g5 50. fxg5 hxg5 51. h4 gxh4 52. gxh4 Ke5 53. c4 Nd7 54. h5 Kf6 55. Bg6 Kg5 56. Be8 Nc5 57. Kf3 f4 58. Bf7 Nd7 59. Bd5 Ne5+ 60. Ke4 Nd7 61. Bf7 Nf6+ 62. Kf3 Nd7 63. Be6 Ne5+ 64. Ke4 f3 65. Bh3 Kxh5 66. Kxe5 Kg5 67. Bf1 Kg6 68. Ke6 Kg7 69. c5 Kf8 70. Kd7 1-0